000 00408nam a22001457a 4500
082 _a691
_bHUN
_cL-14, P-16
100 _aHuntington, Whitney Clark
_938825
245 _aBuilding construction
_cWhitney Clark Huntington
250 _a2nd
260 _aNew York
_bJhon Wiley & Sons, Inc
_c1955
300 _ax, 674 p. :
526 _a0
_b0
_c0
_d691_000000000000000_HUN
650 _aMCE
_9379
942 _2ddc
_cBK
999 _c549044
_d549044